Wedding cakea (Record no. 418057)

MARC details
000 -LEADER
fixed length control field 00338nam a2200157Ia 4500
008 - FIXED-LENGTH DATA ELEMENTS--GENERAL INFORMATION
fixed length control field 230605s1994 xx 000 0 und d
041 ## - LANGUAGE CODE
Language code of text/sound track or separate title eng
100 ## - MAIN ENTRY--PERSONAL NAME
Personal name Coward
245 ## - TITLE STATEMENT
Title Wedding cakea
260 ## - PUBLICATION, DISTRIBUTION, ETC.
Name of publisher, distributor, etc. New Holland Pub.
Date of publication, distribution, etc. 1994
-- 1994
300 ## - PHYSICAL DESCRIPTION
Extent 80
365 ## - TRADE PRICE
Price amount 535
Tax rate 1 20
500 ## - GENERAL NOTE
General note 351
520 ## - SUMMARY, ETC.
Summary, etc. General
650 ## - SUBJECT ADDED ENTRY--TOPICAL TERM
Topical term or geographic name entry element F. P.

No items available.